Management of purple root disease of Hevea brasiliensis seedings in nursery (Record no. 62437)

MARC details
000 -LEADER
fixed length control field 00572nam a2200205Ia 4500
100 ## - MAIN ENTRY--AUTHOR NAME
Personal name Mondal G C
245 #0 - TITLE STATEMENT
Title Management of purple root disease of Hevea brasiliensis seedings in nursery
260 ## - PUBLICATION, DISTRIBUTION, ETC. (IMPRINT)
Name of publisher Journal of Plantation Crops
Year of publication 2013
300 ## - PHYSICAL DESCRIPTION
Number of Pages 255-257
650 ## - SUBJECT ADDED ENTRY--TOPICAL TERM
Topical Term Bioflora
650 ## - SUBJECT ADDED ENTRY--TOPICAL TERM
Topical Term Hevea brasiliensis
650 ## - SUBJECT ADDED ENTRY--TOPICAL TERM
Topical Term North East India
650 ## - SUBJECT ADDED ENTRY--TOPICAL TERM
Topical Term Purle root disease
650 ## - SUBJECT ADDED ENTRY--TOPICAL TERM
Topical Term Seeding nursery
650 ## - SUBJECT ADDED ENTRY--TOPICAL TERM
Topical Term Systemic fungicides
700 ## - ADDED ENTRY--PERSONAL NAME
Personal name Deka H K
700 ## - ADDED ENTRY--PERSONAL NAME
Personal name Idicula Sabu P
942 ## - ADDED ENTRY ELEMENTS (KOHA)
Koha item type Journals
Holdings
Withdrawn status Lost status Damaged status Not for loan Home library Current library Date acquired Serial Enumeration / chronology Koha item type
      Journals RRII Library RRII Library 31/03/2014 Volume 41, Issue 2 Journals